000 00980cam a22002531i 4500
003 SA-RiAUC
005 20241218145854.0
008 241218q19001999le g 00000 ara c
040 _aSA-MaHRM
_bara
_cSA-RiAUC
_erda
082 0 4 _a258
_qSA-RiAUC
090 _a258
_b ا ب ن ج
100 1 _aابن جرير الطبري، محمد بن جرير بن يزيد،
_d224-310 هجري
_eمؤلف.
245 1 0 _aكتاب اختلاف الفقهاء /
_cأبو جعفر محمد بن جرير الطبري.
246 3 0 _aاختلاف الفقهاء
250 _aالطبعة الثانية.
264 1 _aبيروت :
_bمحمد أمين دمج،
_c[بين 1900 و1999]
300 _a34 صفحة ؛
_c24 سم
336 _aنص
_btxt
_2rdacontent
_3كتاب
337 _aبدون وسيط
_bn
_2rdamedia
338 _aمجلد
_bnc
_2rdacarrier
650 7 _aالاختلاف (فقه إسلامي)
_2aucsh
942 _2ddc
_cBOOK
_n0
949 _aSA-JeALM
_d241218
_umohamedma123
_n1
999 _c3654
_d3654